000 00417 a2200157 4500
005 20250501084652.0
020 _a0-07-283137-5
082 _a658.15 ROS
100 _aROSS, S. A.
245 _aCorporate Finance.
250 _a6th Ed
260 _aNew York,
_bMcGraw-Hill,
_c2002.
300 _aXxiv, 952p.: ill.; figure, table
_bGlossary & Index
_c25cm.
700 _aWESTERFIELD, R. W.& JAFFE, J.
942 _2ddc
_cBKS
999 _c1872
_d1872